Computer architecture performance evaluation methods / (Record no. 1872)

MARC details
000 -LEADER
fixed length control field 00744nam a22002297a 4500
003 - CONTROL NUMBER IDENTIFIER
control field OSt
005 - DATE AND TIME OF LATEST TRANSACTION
control field 20260212115142.0
008 - FIXED-LENGTH DATA ELEMENTS--GENERAL INFORMATION
fixed length control field 260212b |||||||| |||| 00| 0 eng d
020 ## - INTERNATIONAL STANDARD BOOK NUMBER
International Standard Book Number 9783031005992
040 ## - CATALOGING SOURCE
Language of cataloging English
Transcribing agency Central Library IIT Goa
082 ## - DEWEY DECIMAL CLASSIFICATION NUMBER
Classification number 004.22
Item number EEC
100 ## - MAIN ENTRY--PERSONAL NAME
Personal name Eeckhout, Lieven
Relator term author
9 (RLIN) 3675
245 ## - TITLE STATEMENT
Title Computer architecture performance evaluation methods /
Statement of responsibility, etc. Lieven Eeckhout
260 ## - PUBLICATION, DISTRIBUTION, ETC.
Place of publication, distribution, etc. Switzerland :
Name of publisher, distributor, etc. Springer Nature,
Date of publication, distribution, etc. 2022
300 ## - PHYSICAL DESCRIPTION
Extent xiv,129p.
490 ## - SERIES STATEMENT
Series statement Synthesis lectures on computer architecture
504 ## - BIBLIOGRAPHY, ETC. NOTE
Bibliography, etc. note Includes bibliographical references and index
650 ## - SUBJECT ADDED ENTRY--TOPICAL TERM
Topical term or geographic name entry element Computer architecture
650 ## - SUBJECT ADDED ENTRY--TOPICAL TERM
Topical term or geographic name entry element Performance evaluation
9 (RLIN) 3676
650 ## - SUBJECT ADDED ENTRY--TOPICAL TERM
Topical term or geographic name entry element Computer simulation
9 (RLIN) 1592
942 ## - ADDED ENTRY ELEMENTS (KOHA)
Source of classification or shelving scheme Dewey Decimal Classification
Koha item type Books
Holdings
Withdrawn status Lost status Source of classification or shelving scheme Damaged status Not for loan Collection code Home library Current library Shelving location Date acquired Source of acquisition Cost, normal purchase price Total Checkouts Full call number Barcode Date last seen Copy number Cost, replacement price Price effective from Koha item type Public note
    Dewey Decimal Classification   Reference Reference IIT Goa Central Library IIT Goa Central Library Reference 2026-02-12 New India Book Agency 3039.00   004.22 EEC 4613 2026-02-12 1 3039.00 2026-02-12 Reference 6808||02-02-2026||39.00%||EUR 27.99
    Dewey Decimal Classification   Reference Reference IIT Goa Central Library IIT Goa Central Library Reference 2026-02-12 New India Book Agency 3039.00   004.22 EEC 4614 2026-02-12 2 3039.00 2026-02-12 Reference 6808||02-02-2026||39.00%||EUR 27.99